Tennis ATP number 1 players - Statistics

General Stats
  • This quiz has been taken 2,274 times
    1,628 since last reset
  • The average score is 51 of 78
Answer Stats
ANSWER % Correct
Djokovic 
98%
Federer 
98%
Nadal 
98%
Murray
89%
Roger
88%
Novak
87%
Sampras
87%
Rafael
86%
Agassi
84%
Serbia
83%
Spain
83%
Spain
83%
Spain
83%
Borg
82%
Switzerland
82%
United States
81%
United States
81%
United States
81%
United States
81%
United States
81%
United States
81%
Andy
80%
Andy
80%
McEnroe
80%
Pete
78%
Roddick
77%
United Kingdom
77%
Andre
74%
John
73%
John
73%
Björn
71%
Sweden
71%
Sweden
71%
Sweden
71%
Becker
70%
Lendl
69%
Australia
68%
Australia
68%
Australia
68%
Germany
67%
Hewitt 
67%
Connors
65%
Ivan
65%
Jim
64%
Russia
64%
Russia
64%
Boris
63%
Courier
60%
Jimmy
59%
Juan Carlos
59%
Edberg
58%
Safin
58%
Czechoslovakia
57%
Ferrero
57%
Wilander
52%
Carlos
51%
Lleyton
51%
Marat
51%
Moyá
51%
Stefan
51%
Brazil
50%
Kuerten
49%
Rafter
48%
Mats
46%
Gustavo
43%
Patrick
43%
Newcombe
42%
Austria
41%
Năstase
41%
Kafelnikov
40%
Romania
38%
Chile
37%
Muster
37%
Ríos
36%
Ilie
34%
Thomas
34%
Marcelo
30%
Yevgeny
27%
No matching quizzes found
Score Distribution
Percent of People with Each Score
Percentile by Number Answered
Your Score History
You have not taken this quiz since the last reset